000 00554 a2200169 4500
999 _c3359
_d3359
020 _a9780702185908
050 _aKTL3344 MOS 2012
100 _aMostert, Hanri
_eauthor
245 _aMineral law : principles & policies in perspective /
_cHanri Mostert
264 _aCape Town :
_bJuta,
_c2012
300 _axxviii, 181 p. :
500 _aIncludes bibliographical references and index
650 _aMineral industries--
_xlaw and legislation--
650 _aPetroleum law and legislation
651 _aSouth Africa
942 _2lcc
_cBK
_h3344
_iMOS
_kKTL